000
00326nam a2200121Ia 4500
008
240624s9999 xx 000 0 und d
041
_a
eng
082
_a
658.4034 URR
100
_a
URRY SYD
245
_a
INTRODUCTION TO OPERATIONAL RESEARCH THE
260
_c
1992
_a
Hyderabad
_b
Orient Longman
300
_a
x, : 293 : p. : cm. ; 26
999
_c
5236
_d
5236